9XM talking (Record no. 19785)
[ view plain ]
| 000 -LEADER | |
|---|---|
| fixed length control field | 01489nam a22003614a 4500 |
| 082 04 - DEWEY DECIMAL CLASSIFICATION NUMBER | |
| Classification number | 384.5409775/83 |
| 100 1# - MAIN ENTRY--AUTHOR NAME | |
| Personal name | Davidson, Randall, |
| 245 10 - TITLE STATEMENT | |
| Title | 9XM talking |
| 260 ## - PUBLICATION, DISTRIBUTION, ETC. (IMPRINT) | |
| Place of publication | Madison, Wis. : |
| Name of publisher | University of Wisconsin Press, Terrace Books, |
| Year of publication | c2006. |
| 300 ## - PHYSICAL DESCRIPTION | |
| Number of Pages | xv, 405 p. : |
| Other physical details | ill., map. |
| 650 #0 - SUBJECT ADDED ENTRY--TOPICAL TERM | |
| Topical Term | Public radio |
| Topical Term | Educational radio stations |
| 856 40 - ELECTRONIC LOCATION AND ACCESS | |
| Uniform Resource Identifier | http://site.ebrary.com/lib/rucke/Doc?id=10277773 |
No items available.
